00801cam a2200193 a 450000100100000000500170001000800410002702000150006804000290008308200180011210000300013024501270016026001440028730000360043150400640046765000170053165000250054865000340057300001505220200929163937.0971201s1995 sp ab b 001 0 spa d a8478202552 aDO-SdBNPbspacLCdBNPHU a291.46bS712e1 aSopeña, Gabriel,d1962-10aÉtica y ritual :baproximación al estudio de la religiosidad de los pueblos celtibéricos /cGabriel Sopeña Genzor. aZaragoza, España :bInstitución "Fernando el Católico ;bDepartamento de Ciencias de la Antigüedad, Universidad de Zaragoza,c1995. a388 p. :bil., mapas. ;c32 cm. aIncluye referencias bibliográficas p. 319-370 e índice. 0aCeltibéros 0aReligionesxHistoria 4aRitos y ceremonias fúnebres